000 00400nam a2200133Ia 4500
008 220216s9999 xx 000 0 und d
100 _aHamed Gary R
245 0 _aEnergy dispersion and the fracture of rubber vulcanizates (1991 short reviews)
260 _bRubber Chemistry and Technology
_c1991
300 _a493-500
650 _a1991 short reviews
650 _aRubber vulcanizates
942 _cJS
999 _c58599
_d58599